| 000 | 00378nam a2200145 a 4500 | ||
|---|---|---|---|
| 005 | 20140412111412.0 | ||
| 008 | 070703s19uu xx 00 eng d | ||
| 020 | _a0-439-72212-8 | ||
| 050 |
_aTR(PS E _bFi 2002 |
||
| 100 | _aUlz, Ivan | ||
| 245 |
_aFire truck / _cIvan Ulz. |
||
| 260 |
_aNew York : _bScholastic, _c2002. |
||
| 440 | _aSing and read storybook | ||
| 999 |
_c105718 _d105718 |
||